| 000 | 00763cam a2200217 i 4500 | ||
|---|---|---|---|
| 001 | 18454326 | ||
| 005 | 20241025153434.0 | ||
| 008 | 141125s2014 enk 001 0 eng | ||
| 020 | _a9780414034020 (pbk.) | ||
| 020 | _a0414034023 (pbk.) | ||
| 050 | 0 | 0 |
_aKD1778.L6 _bP73 2014 |
| 245 | 0 | 2 |
_aA practitioner's guide to the AIM rules / _cconsultant editor, Tom Nicholls, Stephenson Harwood LLP. |
| 250 | _aSeventh edition. | ||
| 260 |
_aLondon _bSweet & Maxwell _c2014 |
||
| 300 |
_axvii, 417 pages ; _c24 cm _bIndex |
||
| 500 | _aIncludes index. | ||
| 650 | 0 |
_aStock exchanges _xLaw and legislation _zGreat Britain. |
|
| 650 | 0 |
_aSmall capitalization stocks _xLaw and legislation _zGreat Britain. |
|
| 700 | 1 |
_aNicholls, Tom _c(Lawyer), _eeditor. |
|
| 942 |
_2lcc _cBK _n0 |
||
| 999 |
_c202 _d202 |
||